000 00256nam a2200097Ia 4500
001 792238
005 20250826170625.0
008 250824s9999 xx 000 0 und d
245 0 _aBİT HİKAYE-İ SEVDE
_cHALİD ZİYA UŞAKLIGİL
260 _bÖZGÜR YAYINLARI
999 _c792238
_d792238